Entry Personal Name
Number of records used in: 1
001 - CONTROL NUMBER
003 - CONTROL NUMBER IDENTIFIER
005 - DATE AND TIME OF LATEST TRANSACTION
- control field:
20221108111223.0
008 - FIXED-LENGTH DATA ELEMENTS
- fixed length control field:
870409n| acannaab| |a aaa ||| c
010 ## - LIBRARY OF CONGRESS CONTROL NUMBER
- LC control number:
n 86005131
040 ## - CATALOGING SOURCE
- Original cataloging agency:
CU
- Transcribing agency:
DLC
- Modifying agency:
DLC
100 10 - HEADING--PERSONAL NAME
- Personal name:
Nair, M. C.
400 10 - SEE FROM TRACING--PERSONAL NAME
- Personal name:
Nair, Madhavan Pillai Chandrasekharan
670 ## - SOURCE DATA FOUND
- Source citation:
Beneficial fungi and their utilization, 1986:
- Information found:
t.p. (M.C. Nair, Coll. of Agric., Vellayani, Kerala, India)
670 ## - SOURCE DATA FOUND
- Source citation:
nuc90-36513: Author's Diseases of crop plants of Kerala, 1983
- Information found:
(hdg. on DNAL rept.: Nair, M. C. (Madhavan Pillai Chandrasekharan), 1956- ; usage: M.C. Nair)